The common sense book of baby and child care, (Record no. 90846)
[ view plain ]
| 000 -LEADER | |
|---|---|
| fixed length control field | 00743cam a22002291 4500 |
| 001 - CONTROL NUMBER | |
| control field | sg 46000272 |
| 003 - CONTROL NUMBER IDENTIFIER | |
| control field | DLC |
| 005 - DATE AND TIME OF LATEST TRANSACTION | |
| control field | 20260227112750.0 |
| 008 - FIXED-LENGTH DATA ELEMENTS--GENERAL INFORMATION | |
| fixed length control field | 730627s1946 nyua 001 0 eng c |
| 010 ## - LIBRARY OF CONGRESS CONTROL NUMBER | |
| LC control number | sg 46000272 |
| 035 ## - SYSTEM CONTROL NUMBER | |
| System control number | (OCoLC)647158 |
| 040 ## - CATALOGING SOURCE | |
| Original cataloging agency | U.S. Army Medical Library |
| Transcribing agency | ODaWU |
| Modifying agency | NBrockU |
| -- | DLC |
| 042 ## - AUTHENTICATION CODE | |
| Authentication code | premarc |
| 050 00 - LIBRARY OF CONGRESS CALL NUMBER | |
| Classification number | RJ61 |
| Item number | .S76 |
| 060 ## - NATIONAL LIBRARY OF MEDICINE CALL NUMBER | |
| Classification number | WS113 |
| Item number | .S762c 1946 |
| 100 1# - MAIN ENTRY--PERSONAL NAME | |
| Personal name | Spock, Benjamin, |
| Dates associated with a name | 1903-1998. |
| 245 14 - TITLE STATEMENT | |
| Title | The common sense book of baby and child care, |
| Statement of responsibility, etc. | by Benjamin Spock. With illustrations by Dorothea Fox. |
| 260 ## - PUBLICATION, DISTRIBUTION, ETC. | |
| Place of publication, distribution, etc. | New York, |
| Name of publisher, distributor, etc. | Duell, Sloan and Pearce |
| Date of publication, distribution, etc. | [1946] |
| 300 ## - PHYSICAL DESCRIPTION | |
| Extent | 6 p. l., 527 p. |
| Other physical details | illus. (incl. diagrs.) |
| Dimensions | 21 cm. |
| 650 #0 - SUBJECT ADDED ENTRY--TOPICAL TERM | |
| Topical term or geographic name entry element | Infants |
| General subdivision | Care and hygiene. |
| 650 #0 - SUBJECT ADDED ENTRY--TOPICAL TERM | |
| Topical term or geographic name entry element | Child care. |
No items available.